Statistics for Countries by 3 Hints

Click here to take the quiz!

General Stats

  • This quiz has been taken 18 times
  • The average score is 6 of 14

Answer Stats

HintAnswer% Correct
Is on Islands, Has more than 5 letters, and Borders 3 Other CountriesIndonesia
93%
Recently Gained Independence, is In Africa, and is North of Kampala.South Sudan
67%
Has the most Kurdish people, is in the Middle East, and starts from M-ZTurkey
67%
Has 2 Words in its Name, Borders only 2 Countries, one of which borders a country on another continent, and is in Mainland America.Costa Rica
60%
Is in Europe, Is in the Western Hemisphere, and is very similar in Size and Shape to South KoreaIreland
53%
Famous for its Composer whose name starts with C, was invaded in WW2, and in EurafrasiaPoland
53%
Has 5 or more words in its Name, In the Western Hemisphere, Is in the CaribbeanSt Vincent and the Grenadines
40%
It is in Central Africa, it is in the Eastern Hemisphere, and is bordered by 2 countries on the mainland.Equatorial Guinea
27%
The First People to Settle here were From Borneo, is off a Mainland Continent, and has French as one of its official LanguagesMadagascar
27%
Is in Oceania, Starts with Any Letter from Q-Z, and has 138 indigenous languagesVanuatu
27%
Maintains the Shortest Mainland Border in the World, Starts from A-M, and is in AfricaBotswana
20%
Is in the Middle of the Pacific, Starts with H-L, and has more than 100,000 people but less than 125,000 people.Kiribati
20%
Starts with any letter from D-H, Is one of the 2 Countries not bordered by one of the countries on its continent, and is the 4th Smallest Country on its Continent.Ecuador
7%
Is in the Western Hemisphere, Borders a Country on another Continent, and Borders a Country Starting with MMorocco
7%

Score Distribution

Percentile by Number Answered

Percent of People with Each Score

Your Score History

You have not taken this quiz